[Event "Titled Tuesday intern op 30th Apr Early"]
[Site "Chess.com INT"]
[Date "2024.04.30"]
[Round "4"]
[White "De Souza, Cristiano Gomes"]
[Black "Manukyan, Sargis A"]
[Result "0-1"]
[WhiteElo "2018"]
[BlackElo "2216"]
[PlyCount "92"]
[EventDate "2024.04.30"]
[EventType "swiss (blitz)"]
[EventRounds "11"]
[EventCountry "USA"]
[SourceTitle "CB19_2024"]
[SourceDate "2024.05.08"]
[SourceVersion "1"]
[SourceVersionDate "2024.05.08"]
[SourceQuality "1"]

1. d4 d5 2. c4 e6 3. Nf3 Nf6 4. Nc3 Be7 5. Bg5 0-0 6. Rc1 c6 7. e3 Nbd7 8. Be2 h6 9. Bh4 Ne4 10. Bxe7 Qxe7 11. 0-0 f5 12. Nd2 Nxc3 13. Rxc3 Nf6 14. f3 Bd7 15. Qc2 Be8 16. a3 e5 17. dxe5 Qxe5 18. cxd5 Nxd5 19. Rd3 Nxe3 20. Qb3+ Nd5 21. Re1 Bf7 22. Nc4 Qc7 23. Qc2 Nf4 24. Re3 Nxe2+ 25. R1xe2 Rad8 26. Re7 Rd7 27. Rxd7 Qxd7 28. Ne5 Qd4+ 29. Kf1 Bd5 30. Qd2 Qxd2 31. Rxd2 Re8 32. f4 g5 33. g3 Kg7 34. Kf2 Kf6 35. b4 g4 36. Nd3 h5 37. Nc5 b6 38. Nd7+ Ke7 39. Ne5 Kd6 40. Re2 Re7 41. Rd2 b5 42. Nd3 Rh7 43. Nc5 h4 44. gxh4 Rxh4 45. Kg1 Rh3 46. Nd3 a6 0-1

[Event "Titled Tuesday intern op 23rd Apr Late"]
[Site "Chess.com INT"]
[Date "2024.04.23"]
[Round "4"]
[White "De Souza, Cristiano Gomes"]
[Black "Mirza, Diana"]
[Result "0-1"]
[WhiteElo "2018"]
[BlackElo "1956"]
[PlyCount "114"]
[EventDate "2024.04.23"]
[EventType "swiss (blitz)"]
[EventRounds "11"]
[EventCountry "USA"]
[SourceTitle "CB18_2024"]
[SourceDate "2024.05.01"]
[SourceVersion "1"]
[SourceVersionDate "2024.05.01"]
[SourceQuality "2"]

1. d4 Nf6 2. c4 c5 3. d5 b5 4. cxb5 a6 5. bxa6 g6 6. Nc3 Bxa6 7. Nf3 Bg7 8. g3 d6 9. Bg2 0-0 10. Rb1 Nbd7 11. 0-0 Nb6 12. b3 Qc7 13. Bb2 Rfb8 14. h3 Bb7 15. e4 Nfd7 16. Nb5 Qd8 17. Bxg7 Kxg7 18. a4 Ba6 19. Re1 Bxb5 20. axb5 Ne5 21. Nxe5 dxe5 22. f4 Nd7 23. Qd3 Qa5 24. Rec1 Qxb5 25. Qc3 Qb4 26. fxe5 Qxc3 27. Rxc3 Ra3 28. e6 fxe6 29. dxe6 Nf8 30. Rxc5 Raxb3 31. Rxb3 Rxb3 32. Rc7 Kf6 33. Rc8 Nxe6 34. Rh8 Kg7 35. Re8 Kf7 36. Rc8 Rxg3 37. Kh2 Re3 38. Rc4 Nf4 39. e5 Nxg2 40. Kxg2 Rxe5 41. Rf4+ Rf5 42. Ra4 Kf6 43. Ra8 h5 44. Rf8+ Kg5 45. Re8 e5 46. Re6 h4 47. Kg1 Kh5 48. Kg2 Rg5+ 49. Kf2 Rf5+ 50. Ke3 g5 51. Ke4 Rf1 52. Rxe5 Re1+ 53. Kf5 Rxe5+ 54. Kxe5 g4 55. hxg4+ Kxg4 56. Ke4 Kg3 57. Ke3 h3 0-1

[Event "Titled Tuesday intern op 16th Apr Early"]
[Site "Chess.com INT"]
[Date "2024.04.16"]
[Round "3"]
[White "Bold, Andre"]
[Black "De Souza, Cristiano Gomes"]
[Result "1-0"]
[WhiteElo "2218"]
[BlackElo "2018"]
[PlyCount "85"]
[EventDate "2024.04.16"]
[EventType "swiss (blitz)"]
[EventRounds "11"]
[EventCountry "USA"]
[SourceTitle "CB17_2024"]
[SourceDate "2024.04.24"]
[SourceVersion "1"]
[SourceVersionDate "2024.04.24"]
[SourceQuality "1"]

1. d4 Nf6 2. Nf3 g6 3. c4 Bg7 4. g3 d6 5. Bg2 0-0 6. 0-0 Nc6 7. Nc3 Bf5 8. a3 Ne4 9. Bd2 Nxd2 10. Qxd2 Qd7 11. Rfe1 Bh3 12. Bh1 h6 13. b4 e5 14. dxe5 dxe5 15. Qxd7 Bxd7 16. Rad1 Rad8 17. Nd5 Be6 18. e3 e4 19. Nd2 Bxd5 20. cxd5 Rxd5 21. Bxe4 Rd6 22. Nc4 Rxd1 23. Rxd1 Rd8 24. Rb1 a6 25. Bxc6 bxc6 26. Na5 Rd6 27. Rb3 Kf8 28. Nb7 Rd5 29. Kg2 f5 30. h3 Ke7 31. Kf3 Bf6 32. g4 fxg4+ 33. hxg4 h5 34. gxh5 gxh5 35. Nc5 a5 36. Ne4 axb4 37. Rxb4 h4 38. Nxf6 Kxf6 39. Rxh4 Ra5 40. Rh6+ Ke7 41. Rxc6 Rxa3 42. Rxc7+ Kf6 43. Rc4 1-0

[Event "Titled Tuesday intern op 16th Apr Late"]
[Site "Chess.com INT"]
[Date "2024.04.16"]
[Round "7"]
[White "De Souza, Cristiano Gomes"]
[Black "Floresvillar Gonzalez, Luis Miguel"]
[Result "0-1"]
[WhiteElo "2018"]
[BlackElo "2019"]
[PlyCount "60"]
[EventDate "2024.04.16"]
[EventType "swiss (blitz)"]
[EventRounds "11"]
[EventCountry "USA"]
[SourceTitle "CB17_2024"]
[SourceDate "2024.04.24"]
[SourceVersion "1"]
[SourceVersionDate "2024.04.24"]
[SourceQuality "1"]

1. d4 d5 2. c4 c6 3. Nf3 Nf6 4. Nc3 dxc4 5. a4 Bf5 6. e3 e6 7. Bxc4 Bb4 8. 0-0 0-0 9. Qe2 a5 10. e4 Bg6 11. e5 Nd5 12. Nxd5 exd5 13. Bd3 Bxd3 14. Qxd3 Nd7 15. Ng5 g6 16. Qh3 h5 17. e6 fxe6 18. Nxe6 Qf6 19. Nxf8 Nxf8 20. Be3 Re8 21. Rad1 Re4 22. Qc8 Qf7 23. h4 Kh7 24. g3 Ne6 25. Rd3 Ng7 26. Qh3 Nf5 27. Bg5 Nxd4 28. Re3 Rg4 29. Re7 Bxe7 30. Bxe7 Qxe7 0-1

[Event "Titled Tuesday intern op 16th Apr Late"]
[Site "Chess.com INT"]
[Date "2024.04.16"]
[Round "5"]
[White "De Souza, Cristiano Gomes"]
[Black "Melikhov, Evgeny V"]
[Result "0-1"]
[WhiteElo "2018"]
[BlackElo "2172"]
[PlyCount "64"]
[EventDate "2024.04.16"]
[EventType "swiss (blitz)"]
[EventRounds "11"]
[EventCountry "USA"]
[SourceTitle "CB17_2024"]
[SourceDate "2024.04.24"]
[SourceVersion "1"]
[SourceVersionDate "2024.04.24"]
[SourceQuality "1"]

1. d4 Nf6 2. c4 e6 3. Nf3 d5 4. Nc3 Bb4 5. Bg5 h6 6. Bxf6 Qxf6 7. Rc1 0-0 8. Ne5 Nd7 9. Nxd7 Bxd7 10. cxd5 exd5 11. e3 c6 12. Be2 Bd6 13. 0-0 Qh4 14. g3 Qe7 15. Bg4 f5 16. Bf3 Qg5 17. Qb3 f4 18. exf4 Bxf4 19. Rc2 Bh3 20. Bg2 Bxg2 21. Kxg2 Rf7 22. Re2 Raf8 23. Rfe1 h5 24. Kh1 Bb8 25. f4 Qg4 26. Nd1 h4 27. Nf2 Qg6 28. Kg2 Bxf4 29. Re8 hxg3 30. hxg3 Bd6 31. Rxf8+ Rxf8 32. Qe3 Qf5 0-1

[Event "Titled Tuesday intern op 16th Apr Early"]
[Site "Chess.com INT"]
[Date "2024.04.16"]
[Round "10"]
[White "Osinovsky, Stepan"]
[Black "De Souza, Cristiano Gomes"]
[Result "1-0"]
[WhiteElo "2241"]
[BlackElo "2018"]
[PlyCount "59"]
[EventDate "2024.04.16"]
[EventType "swiss (blitz)"]
[EventRounds "11"]
[EventCountry "USA"]
[SourceTitle "CB17_2024"]
[SourceDate "2024.04.24"]
[SourceVersion "1"]
[SourceVersionDate "2024.04.24"]
[SourceQuality "1"]

1. e4 c5 2. Nf3 d6 3. d4 cxd4 4. Nxd4 Nf6 5. Nc3 g6 6. Be3 Bg7 7. Qd2 0-0 8. 0-0-0 Nc6 9. Kb1 d5 10. Nxc6 bxc6 11. exd5 Nxd5 12. Nxd5 cxd5 13. Qxd5 Qc7 14. Qc5 Qb7 15. Bd4 Bf5 16. Bxg7 Rac8 17. Qd4 Bxc2+ 18. Ka1 Bxd1 19. Bh6 f6 20. Bc4+ Kh8 21. Bxf8 Rxf8 22. Rxd1 Qxg2 23. h4 Kg7 24. Qxa7 Rc8 25. Qxe7+ Kh6 26. Qe3+ g5 27. hxg5+ fxg5 28. Rd6+ Kh5 29. Be2+ Kh4 30. Rh6# 1-0

[Event "Titled Tuesday intern op 16th Apr Late"]
[Site "Chess.com INT"]
[Date "2024.04.16"]
[Round "3"]
[White "Trakru, Rohun"]
[Black "De Souza, Cristiano Gomes"]
[Result "1-0"]
[WhiteElo "1969"]
[BlackElo "2018"]
[PlyCount "105"]
[EventDate "2024.04.16"]
[EventType "swiss (blitz)"]
[EventRounds "11"]
[EventCountry "USA"]
[SourceTitle "CB17_2024"]
[SourceDate "2024.04.24"]
[SourceVersion "1"]
[SourceVersionDate "2024.04.24"]
[SourceQuality "1"]

1. e4 c5 2. Nc3 d6 3. d4 cxd4 4. Qxd4 Nc6 5. Qd2 g6 6. b3 Bg7 7. Bb2 Nf6 8. 0-0-0 0-0 9. Kb1 Be6 10. Nge2 a5 11. Nf4 Bd7 12. f3 Nb4 13. a3 Na6 14. g4 Nc5 15. g5 Ne8 16. h4 Nc7 17. h5 e5 18. Nfd5 Nxd5 19. Nxd5 Ne6 20. Bh3 Bc8 21. f4 exf4 22. Bxg7 Kxg7 23. Qc3+ f6 24. Nxf6 Nxg5 25. h6+ Kf7 26. Nxh7 Nxh7 27. Qg7+ Ke8 28. Qxg6+ Rf7 29. Rxd6 Qe7 30. Rhd1 Bxh3 31. Qg8+ Nf8 32. h7 Rxh7 33. Qd5 Be6 34. Qb5+ Kf7 35. Rf1 Rh4 36. Rd2 Qf6 37. Rdf2 Kg7 38. Qxb7+ Bf7 39. Qxa8 Qe5 40. Qxa5 Ng6 41. Qxe5+ Nxe5 42. Rxf4 Rxf4 43. Rxf4 Ng6 44. Rf5 Ne7 45. Re5 Kf6 46. Rc5 Be6 47. a4 Ng6 48. a5 Nf4 49. a6 Ne2 50. a7 Nd4 51. a8Q Nxc2 52. Kxc2 Ke7 53. Qa7+ 1-0

[Event "Titled Tuesday intern op 12th Mar Late"]
[Site "Chess.com INT"]
[Date "2024.03.12"]
[Round "7"]
[White "De Souza, Cristiano Gomes"]
[Black "Stark, Lars"]
[Result "0-1"]
[WhiteElo "2018"]
[BlackElo "2367"]
[PlyCount "74"]
[EventDate "2024.03.12"]
[EventType "swiss (blitz)"]
[EventRounds "11"]
[EventCountry "USA"]
[SourceTitle "CB12_2024"]
[SourceDate "2023.10.01"]
[SourceVersion "1"]
[SourceVersionDate "2023.10.01"]
[SourceQuality "1"]

1. d4 Nf6 2. c4 e6 3. Nf3 b6 4. g3 Ba6 5. b3 b5 6. cxb5 Bxb5 7. Bg2 d5 8. 0-0 Be7 9. Ba3 0-0 10. Bxe7 Qxe7 11. Nc3 Ba6 12. Re1 Nbd7 13. Rc1 c5 14. Na4 Rfc8 15. dxc5 Nxc5 16. Nxc5 Rxc5 17. Nd4 Rac8 18. Qd2 h6 19. Rxc5 Qxc5 20. e3 Qa3 21. Bf1 Ne4 22. Qd1 Qxa2 23. Bxa6 Qxa6 24. Qa1 Qd3 25. Qxa7 e5 26. Nf5 Rc2 27. Qb8+ Kh7 28. Qxe5 Nf6 29. Nd4 Rb2 30. h3 Qc3 31. Ra1 Rxf2 32. Kxf2 Ne4+ 33. Kf3 Ng5+ 34. Kg4 Qxa1 35. Qxd5 Qd1+ 36. Kh4 g6 37. Qc4 Qh5# 0-1

[Event "Titled Tuesday intern op 12th Mar Late"]
[Site "Chess.com INT"]
[Date "2024.03.12"]
[Round "3"]
[White "De Souza, Cristiano Gomes"]
[Black "Uzcategui Rodriguez, Alejandro"]
[Result "0-1"]
[WhiteElo "2018"]
[BlackElo "2219"]
[PlyCount "36"]
[EventDate "2024.03.12"]
[EventType "swiss (blitz)"]
[EventRounds "11"]
[EventCountry "USA"]
[SourceTitle "CB12_2024"]
[SourceDate "2023.10.01"]
[SourceVersion "1"]
[SourceVersionDate "2023.10.01"]
[SourceQuality "1"]

1. d4 d6 2. c4 Nf6 3. Nc3 Nbd7 4. Nf3 e5 5. dxe5 dxe5 6. e4 c6 7. Bg5 Be7 8. Be2 0-0 9. 0-0 Qc7 10. Qc2 Nc5 11. Rfd1 Ne6 12. Bxf6 Bxf6 13. b3 Nd4 14. Nxd4 exd4 15. Na4 d3 16. Qxd3 Bxa1 17. Rxa1 Be6 18. Nc5 Qe5 0-1

[Event "Titled Tuesday intern op 12th Mar Late"]
[Site "Chess.com INT"]
[Date "2024.03.12"]
[Round "6"]
[White "Dmitriev, Sergey"]
[Black "De Souza, Cristiano Gomes"]
[Result "1-0"]
[WhiteElo "2312"]
[BlackElo "2018"]
[PlyCount "29"]
[EventDate "2024.03.12"]
[EventType "swiss (blitz)"]
[EventRounds "11"]
[EventCountry "USA"]
[SourceTitle "CB12_2024"]
[SourceDate "2023.10.01"]
[SourceVersion "1"]
[SourceVersionDate "2023.10.01"]
[SourceQuality "1"]

1. e4 c5 2. Nf3 d6 3. Bc4 Nc6 4. c3 Nf6 5. d3 e6 6. Bg5 Be7 7. 0-0 h6 8. Bh4 Bd7 9. Re1 0-0 10. d4 cxd4 11. cxd4 Nxe4 12. Bxe7 Qxe7 13. Rxe4 d5 14. Bxd5 Qc5 15. dxc5 1-0

[Event "Titled Tuesday intern op 06th Feb Early"]
[Site "Chess.com INT"]
[Date "2024.02.06"]
[Round "5"]
[White "De Souza, Cristiano Gomes"]
[Black "Turzo, Attila"]
[Result "0-1"]
[WhiteElo "2018"]
[BlackElo "2278"]
[PlyCount "82"]
[EventDate "2024.02.06"]
[EventType "swiss (blitz)"]
[EventRounds "11"]
[EventCountry "USA"]
[SourceTitle "CB07_2024"]
[SourceDate "2024.02.14"]
[SourceVersion "1"]
[SourceVersionDate "2024.02.14"]
[SourceQuality "1"]

1. d4 Nf6 2. c3 e6 3. Nf3 c5 4. Bf4 b6 5. e3 Bb7 6. Nbd2 cxd4 7. cxd4 Be7 8. h3 0-0 9. Rc1 d6 10. Be2 Nbd7 11. 0-0 Rc8 12. a3 Rc7 13. Rxc7 Qc8 14. Qb1 Qxc7 15. Rc1 Qb8 16. b4 Rc8 17. Qb2 Ne4 18. Nxe4 Bxe4 19. Nd2 Bb7 20. Nb3 Nf6 21. f3 Nd5 22. Rxc8+ Qxc8 23. Qc1 Qxc1+ 24. Nxc1 g5 25. Bg3 Nxe3 26. Bf2 Nc2 27. Bd3 Nxa3 28. Na2 Bd5 29. Nc3 Bc4 30. Bxc4 Nxc4 31. Nb5 a6 32. Na7 d5 33. Nc6 Bd6 34. Ne5 Nxe5 35. dxe5 Bxe5 36. Bxb6 Bd6 37. Ba5 Kf8 38. Kf2 Ke7 39. Ke3 Kd7 40. Kd4 f5 41. Kc3 h5 0-1

[Event "Titled Tuesday intern op 06th Feb Early"]
[Site "Chess.com INT"]
[Date "2024.02.06"]
[Round "4"]
[White "Melikhov, Evgeny V"]
[Black "De Souza, Cristiano Gomes"]
[Result "1/2-1/2"]
[WhiteElo "2172"]
[BlackElo "2018"]
[PlyCount "49"]
[EventDate "2024.02.06"]
[EventType "swiss (blitz)"]
[EventRounds "11"]
[EventCountry "USA"]
[SourceTitle "CB07_2024"]
[SourceDate "2024.02.14"]
[SourceVersion "1"]
[SourceVersionDate "2024.02.14"]
[SourceQuality "1"]

1. d4 Nf6 2. c4 g6 3. Nc3 Bg7 4. e4 d6 5. f3 0-0 6. Be3 Nc6 7. Nge2 a6 8. Qd2 Rb8 9. h4 h5 10. Nc1 e5 11. d5 Nd4 12. N1e2 Nxe2 13. Bxe2 Nh7 14. c5 Bf6 15. 0-0-0 Bxh4 16. g4 hxg4 17. fxg4 Bg5 18. Rxh7 Bxe3 19. Qxe3 Kxh7 20. Rh1+ Kg7 21. Qh6+ Kf6 22. Qh4+ Kg7 23. Qh6+ Kf6 24. Qh4+ Kg7 25. Qh6+ 1/2-1/2

[Event "Titled Tuesday intern op 06th Feb Early"]
[Site "Chess.com INT"]
[Date "2024.02.06"]
[Round "7"]
[White "Sargissyan, Sargis"]
[Black "De Souza, Cristiano Gomes"]
[Result "1-0"]
[WhiteElo "2275"]
[BlackElo "2018"]
[PlyCount "71"]
[EventDate "2024.02.06"]
[EventType "swiss (blitz)"]
[EventRounds "11"]
[EventCountry "USA"]
[SourceTitle "CB07_2024"]
[SourceDate "2024.02.14"]
[SourceVersion "1"]
[SourceVersionDate "2024.02.14"]
[SourceQuality "1"]

1. e4 c5 2. Nf3 d6 3. d4 cxd4 4. Nxd4 Nf6 5. Nc3 g6 6. Be3 Bg7 7. f3 0-0 8. Qd2 Nc6 9. 0-0-0 d5 10. exd5 Nxd5 11. Nxc6 bxc6 12. Bd4 e5 13. Bc5 Be6 14. Ne4 Rb8 15. h4 h6 16. g4 Re8 17. g5 h5 18. Bc4 Bf8 19. Bxf8 Kxf8 20. Qf2 Qb6 21. Qc5+ Qxc5 22. Nxc5 Bf5 23. Bxd5 cxd5 24. Rxd5 Rbc8 25. Re1 Rc6 26. Rexe5 Rec8 27. b4 Kg7 28. Kb2 Rb6 29. a3 a5 30. c3 axb4 31. cxb4 Rbc6 32. Re7 Kf8 33. Ree5 Re8 34. Rxe8+ Kxe8 35. b5 Rb6 36. a4 1-0

[Event "Titled Tuesday intern op 23rd Jan Late"]
[Site "Chess.com INT"]
[Date "2024.01.23"]
[Round "11"]
[White "De Souza, Cristiano Gomes"]
[Black "Morales Garcia, Sergio Joshafatt"]
[Result "1-0"]
[WhiteElo "2018"]
[BlackElo "2249"]
[PlyCount "81"]
[EventDate "2024.01.23"]
[EventType "swiss (blitz)"]
[EventRounds "11"]
[EventCountry "USA"]
[SourceTitle "CB05_2024"]
[SourceDate "2024.01.31"]
[SourceVersion "1"]
[SourceVersionDate "2024.01.31"]
[SourceQuality "1"]

1. d4 d5 2. c4 c6 3. Nf3 Nf6 4. Nc3 e6 5. Bg5 h6 6. Bxf6 Qxf6 7. e3 Nd7 8. Rc1 g6 9. Be2 dxc4 10. Bxc4 Qe7 11. 0-0 Bg7 12. a3 a5 13. Ne4 0-0 14. Qe2 Nb6 15. Ba2 Bd7 16. Nc5 Bc8 17. Rfd1 Nd5 18. g3 b6 19. Na4 Ba6 20. Qd2 Rab8 21. Nc3 Nf6 22. Ne5 Bb7 23. Na4 c5 24. Nxb6 Ne4 25. Qe2 Bxe5 26. dxe5 Qc7 27. Nd7 Qc6 28. f3 Ng5 29. e4 Ba6 30. Qe3 Rxb2 31. Nxf8 Nh3+ 32. Kh1 Nf2+ 33. Kg1 Nh3+ 34. Kh1 Nf2+ 35. Kg1 Nxd1 36. Rxd1 Rxa2 37. Qxh6 Qb6 38. Nh7 c4+ 39. Kh1 f5 40. Nf6+ Kf7 41. Rd7# 1-0

[Event "Titled Tuesday intern op 23rd Jan Late"]
[Site "Chess.com INT"]
[Date "2024.01.23"]
[Round "2"]
[White "De Souza, Cristiano Gomes"]
[Black "Przybylski, Wojciech"]
[Result "1/2-1/2"]
[WhiteElo "2018"]
[BlackElo "2308"]
[PlyCount "105"]
[EventDate "2024.01.23"]
[EventType "swiss (blitz)"]
[EventRounds "11"]
[EventCountry "USA"]
[SourceTitle "CB05_2024"]
[SourceDate "2024.01.31"]
[SourceVersion "1"]
[SourceVersionDate "2024.01.31"]
[SourceQuality "1"]

1. d4 Nf6 2. c4 e6 3. Nf3 b6 4. g3 Bb7 5. Bg2 Be7 6. 0-0 0-0 7. Nc3 d5 8. Ne5 Nbd7 9. cxd5 exd5 10. Be3 c6 11. h3 Ne8 12. Rc1 Nd6 13. b3 f6 14. Nxd7 Qxd7 15. f4 Rae8 16. Bf2 f5 17. Qd2 Bf6 18. e3 Re7 19. Rfe1 Rfe8 20. Bf3 g6 21. g4 Bc8 22. g5 Bg7 23. h4 Bb7 24. Qd1 Ne4 25. Nxe4 Rxe4 26. Bxe4 fxe4 27. Kg2 Bc8 28. Rh1 Bf8 29. h5 Qd6 30. hxg6 hxg6 31. Rh4 Bf5 32. Qd2 a5 33. Rch1 Bg7 34. Be1 Rd8 35. Qf2 Rd7 36. Rh7 Qa3 37. Qh4 Qxa2+ 38. Bf2 Qe2 39. Rxg7+ Rxg7 40. Qh8+ Kf7 41. Qb8 Qg4+ 42. Kf1 Qd1+ 43. Kg2 Qf3+ 44. Kg1 Qg4+ 45. Kf1 Bd7 46. Rh8 Qd1+ 47. Kg2 Qf3+ 48. Kg1 Qg4+ 49. Kf1 Qd1+ 50. Kg2 Qf3+ 51. Kg1 Qg4+ 52. Kh1 Qf3+ 53. Kg1 1/2-1/2

[Event "Titled Tuesday intern op 16th Jan Late"]
[Site "Chess.com INT"]
[Date "2024.01.16"]
[Round "3"]
[White "De Souza, Cristiano Gomes"]
[Black "Dwilewicz, Katarzyna"]
[Result "0-1"]
[WhiteElo "2018"]
[BlackElo "2129"]
[PlyCount "88"]
[EventDate "2024.01.16"]
[EventType "swiss (blitz)"]
[EventRounds "11"]
[EventCountry "USA"]
[SourceTitle "CB04_2024"]
[SourceDate "2023.10.16"]
[SourceVersion "1"]
[SourceVersionDate "2023.10.16"]
[SourceQuality "1"]

1. d4 Nf6 2. c4 g6 3. Nc3 Bg7 4. e4 0-0 5. Nf3 d6 6. Be2 Nbd7 7. 0-0 e5 8. Be3 Re8 9. d5 a5 10. Nd2 Nc5 11. b3 Bd7 12. a3 Na6 13. Rb1 c5 14. dxc6 bxc6 15. b4 axb4 16. axb4 Rb8 17. b5 Nc5 18. bxc6 Bxc6 19. Nd5 Nfxe4 20. Nxe4 Nxe4 21. Qc2 f5 22. Rxb8 Qxb8 23. Rb1 Qd8 24. Bb6 Qd7 25. Bd3 Nc5 26. Bxc5 dxc5 27. Be2 e4 28. Rd1 Qf7 29. Qa2 Bd4 30. Qa6 Qb7 31. Qxb7 Bxb7 32. Rxd4 cxd4 33. Nf6+ Kf7 34. Nxe8 Kxe8 35. Bd1 Ba6 36. Bb3 Kd7 37. Kf1 Kd6 38. Ke2 Kc5 39. Kd2 Bxc4 40. Ba4 f4 41. Be8 g5 42. Bh5 e3+ 43. fxe3 fxe3+ 44. Ke1 d3 0-1

[Event "Titled Tuesday intern op 16th Jan Early"]
[Site "Chess.com INT"]
[Date "2024.01.16"]
[Round "8"]
[White "De Souza, Cristiano Gomes"]
[Black "Pandey, Srishti"]
[Result "0-1"]
[WhiteElo "2018"]
[BlackElo "2184"]
[PlyCount "38"]
[EventDate "2024.01.16"]
[EventType "swiss (blitz)"]
[EventRounds "11"]
[EventCountry "USA"]
[SourceTitle "CB04_2024"]
[SourceDate "2023.10.16"]
[SourceVersion "1"]
[SourceVersionDate "2023.10.16"]
[SourceQuality "1"]

1. d4 Nf6 2. c4 g6 3. Nc3 Bg7 4. e4 d6 5. Nf3 0-0 6. Be2 e5 7. 0-0 Nbd7 8. Be3 Ng4 9. Bg5 f6 10. Bh4 g5 11. Bg3 Nh6 12. d5 f5 13. exf5 Nxf5 14. Nd2 Nf6 15. Nde4 h6 16. Nxf6+ Bxf6 17. Ne4 Bg7 18. Bg4 Nd4 19. Qd3 Bxg4 0-1

[Event "Titled Tuesday intern op 16th Jan Early"]
[Site "Chess.com INT"]
[Date "2024.01.16"]
[Round "11"]
[White "De Souza, Cristiano Gomes"]
[Black "Sava, Ana Maria"]
[Result "1-0"]
[WhiteElo "2018"]
[BlackElo "1916"]
[PlyCount "59"]
[EventDate "2024.01.16"]
[EventType "swiss (blitz)"]
[EventRounds "11"]
[EventCountry "USA"]
[SourceTitle "CB04_2024"]
[SourceDate "2023.10.16"]
[SourceVersion "1"]
[SourceVersionDate "2023.10.16"]
[SourceQuality "1"]

1. d4 d5 2. c4 e6 3. Nc3 c5 4. cxd5 exd5 5. Nf3 Nf6 6. Bg5 Nc6 7. e3 c4 8. Rc1 Be7 9. Be2 0-0 10. 0-0 Bf5 11. b3 cxb3 12. Qxb3 Be6 13. Bb5 Rc8 14. Bxc6 bxc6 15. Ne5 h6 16. Bxf6 Bxf6 17. Na4 Rb8 18. Qc3 Bxe5 19. dxe5 Qc7 20. Qxc6 Qxe5 21. Qc7 Qg5 22. Nc5 Bh3 23. Qg3 Qxg3 24. hxg3 Bf5 25. Rfd1 Rfd8 26. f3 Rb2 27. a4 g6 28. g4 Bc2 29. Rd2 Rb1 30. Rdxc2 1-0

[Event "Titled Tuesday intern op 16th Jan Early"]
[Site "Chess.com INT"]
[Date "2024.01.16"]
[Round "2"]
[White "De Souza, Cristiano Gomes"]
[Black "Silva, Caio Henrique Angel"]
[Result "0-1"]
[WhiteElo "2018"]
[BlackElo "2074"]
[PlyCount "66"]
[EventDate "2024.01.16"]
[EventType "swiss (blitz)"]
[EventRounds "11"]
[EventCountry "USA"]
[SourceTitle "CB04_2024"]
[SourceDate "2023.10.16"]
[SourceVersion "1"]
[SourceVersionDate "2023.10.16"]
[SourceQuality "1"]

1. d4 Nf6 2. c4 g6 3. Nc3 d5 4. Bf4 Bg7 5. e3 0-0 6. Nf3 c5 7. dxc5 Qa5 8. Rc1 dxc4 9. Bxc4 Nc6 10. 0-0 Qxc5 11. Nb5 Qh5 12. Be2 Bg4 13. h3 Bxf3 14. Bxf3 Qxb5 15. b3 Rad8 16. Qc2 Nd5 17. Bg3 Ndb4 18. Qc5 Qxc5 19. Rxc5 Nxa2 20. Bxc6 bxc6 21. Rxc6 Rd7 22. Rc4 Nc3 23. Kh2 Nb5 24. Rb4 Nd6 25. Rd1 Rfd8 26. Ra4 Nf5 27. Rxd7 Rxd7 28. e4 Nxg3 29. Kxg3 Bd4 30. f4 Bb6 31. Ra3 Rd3+ 32. Kh2 Re3 33. e5 Rc3 0-1

[Event "Titled Tuesday intern op 16th Jan Early"]
[Site "Chess.com INT"]
[Date "2024.01.16"]
[Round "7"]
[White "Novikova, Margarita"]
[Black "De Souza, Cristiano Gomes"]
[Result "1-0"]
[WhiteElo "1999"]
[BlackElo "2018"]
[PlyCount "75"]
[EventDate "2024.01.16"]
[EventType "swiss (blitz)"]
[EventRounds "11"]
[EventCountry "USA"]
[SourceTitle "CB04_2024"]
[SourceDate "2023.10.16"]
[SourceVersion "1"]
[SourceVersionDate "2023.10.16"]
[SourceQuality "1"]

1. e4 c5 2. Nc3 d6 3. d3 g6 4. g3 Bg7 5. Bg2 Nc6 6. Be3 Rb8 7. Nge2 Nd4 8. Qd2 b5 9. Nd1 Nxe2 10. Qxe2 Nf6 11. h3 a5 12. 0-0 a4 13. a3 0-0 14. Qd2 Bd7 15. Bh6 Qc8 16. Bxg7 Kxg7 17. Kh2 b4 18. axb4 cxb4 19. f4 Qc6 20. e5 Nd5 21. Ne3 Be6 22. f5 gxf5 23. Bxd5 Bxd5 24. Nxf5+ Kh8 25. Nxe7 Qc5 26. d4 Qc4 27. Qf2 f5 28. exf6 Rf7 29. b3 axb3 30. cxb3 Qb5 31. Qf5 Bc6 32. Nxc6 Qxc6 33. Rac1 Qb6 34. Qd5 Rbf8 35. Rc6 Qa7 36. Rf2 Qa1 37. Rxd6 Qc3 38. Qxf7 1-0

[Event "Titled Tuesday intern op 16th Jan Early"]
[Site "Chess.com INT"]
[Date "2024.01.16"]
[Round "9"]
[White "Vargas, Mauricio"]
[Black "De Souza, Cristiano Gomes"]
[Result "0-1"]
[WhiteElo "1958"]
[BlackElo "2018"]
[PlyCount "72"]
[EventDate "2024.01.16"]
[EventType "swiss (blitz)"]
[EventRounds "11"]
[EventCountry "USA"]
[SourceTitle "CB04_2024"]
[SourceDate "2023.10.16"]
[SourceVersion "1"]
[SourceVersionDate "2023.10.16"]
[SourceQuality "1"]

1. e4 c5 2. Nc3 d6 3. f4 a6 4. Nf3 Bg4 5. Be2 g6 6. 0-0 Nc6 7. d3 Bg7 8. Bd2 Bxf3 9. Bxf3 Nd4 10. Bg4 h5 11. Bh3 Nf6 12. g3 0-0 13. Bg2 e6 14. h3 Rb8 15. Ne2 Nxe2+ 16. Qxe2 b5 17. g4 hxg4 18. hxg4 Nh7 19. g5 Bxb2 20. Rab1 Bd4+ 21. Kh2 b4 22. Kg3 f6 23. Qg4 Qe7 24. Rh1 fxg5 25. Rh6 gxf4+ 26. Bxf4 Rxf4 27. Rxg6+ Kh8 28. Kxf4 Rf8+ 29. Kg3 Be5+ 30. Kh3 Qf7 31. Rf1 Qe8 32. Rxe6 Qxe6 33. Qxe6 Ng5+ 34. Kg4 Nxe6 35. Rh1+ Kg7 36. Bh3 Rh8 0-1

[Event "Titled Tuesday intern op 16th Jan Early"]
[Site "Chess.com INT"]
[Date "2024.01.16"]
[Round "10"]
[White "Yang, Kevin S"]
[Black "De Souza, Cristiano Gomes"]
[Result "1-0"]
[WhiteElo "2096"]
[BlackElo "2018"]
[PlyCount "61"]
[EventDate "2024.01.16"]
[EventType "swiss (blitz)"]
[EventRounds "11"]
[EventCountry "USA"]
[SourceTitle "CB04_2024"]
[SourceDate "2023.10.16"]
[SourceVersion "1"]
[SourceVersionDate "2023.10.16"]
[SourceQuality "1"]

1. d4 Nf6 2. Nc3 g6 3. Bf4 d6 4. e3 Bg7 5. h4 c6 6. Be2 h5 7. Nf3 b5 8. a3 0-0 9. 0-0 Bb7 10. e4 Nbd7 11. e5 dxe5 12. dxe5 Ng4 13. e6 fxe6 14. Bg3 Nb6 15. Ng5 Bxc3 16. bxc3 Qxd1 17. Raxd1 Nd5 18. Nxe6 Nxc3 19. Bxg4 hxg4 20. Rd3 Rf6 21. Nc5 Nd5 22. Nxb7 a5 23. Nc5 b4 24. Be5 Rf5 25. Re1 bxa3 26. Rxa3 Raf8 27. Bd4 Nf4 28. Rxe7 Rd8 29. Rg7+ Kf8 30. Nd7+ Ke8 31. Re3+ 1-0